00358nam a2200109Ia 4500008004100000082001000041100004100051245003300092260005700125630003300182730003300215100328s9999 xx 000 0 und d b53646 aमाडगूळकर ग.दि. aभाताचे फूल bकुलकर्णी ग्रंथागार aभाताचे फूल aभाताचे फूल